LIBRARY & INFORMATION CENTRE, KCAET, TAVANUR

ONLINE PUBLIC ACCESS CATALOGUE (OPAC)

CRC hand book of processing and utilization in agriculture vol-2 Part-1 Plant products / (Record no. 10326)

MARC details
000 -LEADER
fixed length control field 00429cam a2200145ua 4500
041 ## - LANGUAGE CODE
Language code of text/sound track or separate title eng
082 ## - DEWEY DECIMAL CLASSIFICATION NUMBER
Classification number 028.71664
Item number WOL/CR
100 ## - MAIN ENTRY--AUTHOR NAME
Personal name Wolff, Ivan A .
245 ## - TITLE STATEMENT
Title CRC hand book of processing and utilization in agriculture vol-2 Part-1 Plant products /
260 ## - PUBLICATION, DISTRIBUTION, ETC. (IMPRINT)
Place of publication Bocaratton :
Name of publisher CRC Press Inc. ,
Year of publication 2000.
300 ## - PHYSICAL DESCRIPTION
Number of Pages 710 ; .
942 ## - ADDED ENTRY ELEMENTS (KOHA)
Koha item type Books
Holdings
Withdrawn status Lost status Damaged status Home library Current library Date acquired Full call number Accession Number Koha item type
      KAUAET KAUAET 07/04/2012 028.71664 19653 Reference
free website counter